[Event "Seefeld-Casino op 19th"]
[Site "Seefeld/Tirol (5.9.-13.9)"]
[Date "2008.09.06"]
[Round "2.35"]
[White "Ranker, Klemens"]
[Black "Bangert, Ruediger"]
[Result "1-0"]
[WhiteElo "1862"]
[BlackElo "1461"]
[PlyCount "115"]
[EventDate "2008.09.??"]
[EventType "swiss"]
[EventRounds "9"]
[Source "Ganslmayer"]
[SourceDate "2010.03.14"]

1. e4 d6 2. d4 Nf6 3. Nc3 g6 4. Nf3 Bg7 5. Be2 O-O 6. O-O c5 7. d5 Qa5 8. a3 a6
9. Re1 Bg4 10. h3 Bxf3 11. Bxf3 Nbd7 12. g3 Ne5 13. Bg2 b5 14. Qe2 Qb6 15. Kh2
Rae8 16. f4 Ned7 17. Qf3 e5 18. f5 Kh8 19. g4 h6 20. Ne2 Nh7 21. h4 Bf6 22.
Bxh6 Bxh4 23. Rh1 Rg8 24. Be3 g5 25. Kg1 Ndf6 26. Rh3 b4 27. a4 a5 28. Kh2 Qa6
29. Rh1 Nxe4 30. Bf1 Nef6 31. Ng3 Qb7 32. Bb5 Re7 33. Bc6 Qc7 34. Ne4 Nxe4 35.
Qxe4 f6 36. Kg2 Rgg7 37. Bf2 Bxf2 38. Kxf2 Qa7 39. Qc4 Qb6 40. Rh6 Kg8 41. Kg3
Qb8 42. R1h2 Qb6 43. Kg2 Kf8 44. Rg6 Qc7 45. Qa6 Qd8 46. Rhh6 e4 47. Rxf6+ Nxf6
48. Rxf6+ Kg8 49. Re6 Rxe6 50. dxe6 d5 51. Qf1 Qd6 52. Be8 Rh7 53. Bh5 d4 54.
Qb5 Re7 55. Bf7+ Kg7 56. Qf1 Kf6 57. Qh1 Qf4 58. Qh8# 1-0

[Event "Seefeld-Casino op 19th"]
[Site "Seefeld/Tirol (5.9.-13.9)"]
[Date "2008.09.06"]
[Round "2.37"]
[White "Schett, Franz"]
[Black "Abraham, Helmut"]
[Result "1/2-1/2"]
[WhiteElo "1621"]
[BlackElo "1352"]
[PlyCount "132"]
[EventDate "2008.09.??"]
[EventType "swiss"]
[EventRounds "9"]
[Source "Ganslmayer"]
[SourceDate "2010.03.14"]

1. e4 c5 2. Nf3 Nc6 3. d4 cxd4 4. Nxd4 Qb6 5. c3 Nf6 6. f3 e5 7. Nf5 Qc7 8. Na3
a6 9. Nc4 d5 10. Nd2 Bxf5 11. exf5 Bc5 12. Nb3 Ba7 13. Bg5 Qb6 14. Qc2 Ne7 15.
g4 h6 16. Bc1 Rc8 17. a4 d4 18. a5 Qc7 19. c4 Nc6 20. Bd2 O-O 21. Bd3 Ne7 22.
Rc1 b6 23. O-O Nc6 24. axb6 Qxb6 25. Kg2 Nb4 26. Bxb4 Qxb4 27. Nd2 Nd5 28. Rfe1
Ne3+ 29. Rxe3 dxe3 30. Ne4 f6 31. c5 Bxc5 32. Nxc5 Rxc5 33. Qxc5 Qd2+ 34. Kg3
Qxd3 35. Rc3 Qd4 36. Qc6 e2 37. Rc1 Qd2 38. Qc3 Qxc3 39. bxc3 Rc8 40. Kf2 a5
41. Kxe2 Rd8 42. Ra1 Rd5 43. Ke3 Kf7 44. Ra4 Rc5 45. c4 Ke7 46. h4 Kd6 47. f4
Kc6 48. fxe5 Rxe5+ 49. Kd4 Kb6 50. Ra1 Rc5 51. Rb1+ Kc6 52. Rb8 Re5 53. Rg8 Re7
54. c5 Ra7 55. Rc8+ Kd7 56. Rb8 Kc7 57. Rb6 Ra8 58. Kc4 a4 59. Re6 a3 60. Re1
a2 61. Ra1 Kc6 62. Kb4 Rb8+ 63. Ka3 Ra8+ 64. Kb4 Rb8+ 65. Kc4 Ra8 66. Kb4 Rb8+
1/2-1/2

[Event "Seefeld-Casino op 19th"]
[Site "Seefeld/Tirol (5.9.-13.9)"]
[Date "2008.09.06"]
[Round "2.38"]
[White "Michel, Jan"]
[Black "Russ, Colin A.H."]
[Result "0-1"]
[WhiteElo "1481"]
[BlackElo "1912"]
[PlyCount "74"]
[EventDate "2008.09.??"]
[EventType "swiss"]
[EventRounds "9"]
[Source "Ganslmayer"]
[SourceDate "2010.03.14"]

1. e4 c6 2. d4 d5 3. e5 c5 4. Nc3 e6 5. Nf3 Nc6 6. Bb5 Bd7 7. O-O a6 8. Bxc6
Bxc6 9. Re1 g6 10. a3 Rc8 11. h3 h5 12. Be3 c4 13. Qd2 Bh6 14. b4 Bxe3 15. fxe3
Ne7 16. Qf2 Nf5 17. h4 Qe7 18. e4 Ng7 19. exd5 exd5 20. Ng5 O-O 21. Qf6 Qxf6
22. exf6 Nf5 23. Ne2 Nxh4 24. Ng3 Rfe8 25. c3 Rxe1+ 26. Rxe1 Re8 27. Rxe8+ Bxe8
28. Nf3 Nxf3+ 29. gxf3 Bd7 30. Ne2 g5 31. Kf2 Kh7 32. f4 Bg4 33. Ng1 gxf4 34.
Kg2 Kg6 35. Kf2 Kxf6 36. Ke1 Kf5 37. Kf2 Ke4 0-1

[Event "Seefeld-Casino op 19th"]
[Site "Seefeld/Tirol (5.9.-13.9)"]
[Date "2008.09.06"]
[Round "2.39"]
[White "Senn, Othmar"]
[Black "Oettinger, Hagen"]
[Result "0-1"]
[WhiteElo "1653"]
[BlackElo "2018"]
[PlyCount "58"]
[EventDate "2008.09.??"]
[EventType "swiss"]
[EventRounds "9"]
[Source "Ganslmayer"]
[SourceDate "2010.03.14"]

1. d4 Nf6 2. c4 c5 3. e3 g6 4. Nc3 Bg7 5. Nf3 O-O 6. d5 d6 7. Bd3 Bg4 8. O-O
Nbd7 9. Rb1 Ne5 10. Be2 Bxf3 11. gxf3 Qd7 12. Kh1 Qh3 13. Rg1 Qh4 14. Qf1 a6
15. a4 e6 16. e4 Bh6 17. Rg3 Bxc1 18. Rxc1 Nh5 19. Rh3 Qf6 20. Qd1 Nf4 21. Rg3
Rad8 22. b3 h5 23. Qg1 h4 24. Rg4 Nxe2 25. Nxe2 Qxf3+ 26. Rg2 h3 27. Rc3 hxg2+
28. Qxg2 Qxe2 29. h4 Qe1+ 0-1

[Event "Seefeld-Casino op 19th"]
[Site "Seefeld/Tirol (5.9.-13.9)"]
[Date "2008.09.07"]
[Round "3.1"]
[White "Van der Weide, Karel"]
[Black "Jandke, Manfred"]
[Result "1-0"]
[WhiteElo "2415"]
[BlackElo "2119"]
[PlyCount "51"]
[EventDate "2008.09.??"]
[EventType "swiss"]
[EventRounds "9"]
[Source "Ganslmayer"]
[SourceDate "2010.03.14"]

1. e4 e6 2. d4 d5 3. Nc3 Nf6 4. e5 Nfd7 5. f4 c5 6. Nf3 Nc6 7. Be3 a6 8. Qd2 b5
9. Bd3 g5 10. dxc5 gxf4 11. Bxf4 Nxc5 12. O-O-O b4 13. Ne2 Bd7 14. Kb1 Rb8 15.
Ned4 Na5 16. Qe2 Qc7 17. Rhf1 Bg7 18. Ng5 Nc6 19. Qh5 Nd8 20. Nf5 exf5 21. e6
Be5 22. Bxe5 Qxe5 23. exd7+ Kxd7 24. Rxf5 Qe3 25. Nxf7 Re8 26. Ne5+ 1-0

[Event "Seefeld-Casino op 19th"]
[Site "Seefeld/Tirol (5.9.-13.9)"]
[Date "2008.09.07"]
[Round "3.2"]
[White "Jaenig, Reinhard"]
[Black "Mueller, Ralf(03.69)"]
[Result "0-1"]
[WhiteElo "2110"]
[BlackElo "2374"]
[PlyCount "110"]
[EventDate "2008.09.??"]
[EventType "swiss"]
[EventRounds "9"]
[Source "Ganslmayer"]
[SourceDate "2010.03.14"]

1. e4 c5 2. Nf3 d6 3. d4 cxd4 4. Nxd4 Nf6 5. Nc3 Nc6 6. Bg5 Bd7 7. Qd2 Rc8 8.
O-O-O Nxd4 9. Qxd4 Qa5 10. Be3 a6 11. f3 g6 12. Qb6 Qxb6 13. Bxb6 Bg7 14. Bd4
O-O 15. Kb1 h5 16. Bxf6 Bxf6 17. Nd5 Kg7 18. Be2 Be6 19. Nxf6 Kxf6 20. Rd4 Rc5
21. Rhd1 Rfc8 22. c3 h4 23. a3 Ke5 24. Kc2 g5 25. Kd2 f5 26. exf5 Kxf5 27. f4
g4 28. Re1 Kf6 29. Bd1 Bf5 30. Bc2 Bxc2 31. Kxc2 Rc4 32. Ree4 b5 33. Kd3 Rxd4+
34. Rxd4 Kf5 35. g3 e5 36. fxe5 dxe5 37. Rd6 hxg3 38. hxg3 Rh8 39. Ke3 Rh3 40.
Rxa6 Rxg3+ 41. Kf2 Rf3+ 42. Kg2 Rd3 43. Ra8 Kf4 44. Rf8+ Ke3 45. Kg3 Kd2+ 46.
Kxg4 e4 47. Rf2+ Ke1 48. Rh2 e3 49. Kf3 e2+ 50. Ke4 Kd2 51. a4 bxa4 52. c4 Rb3
53. c5 Rxb2 54. c6 a3 55. c7 Rc2 0-1

[Event "Seefeld-Casino op 19th"]
[Site "Seefeld/Tirol (5.9.-13.9)"]
[Date "2008.09.07"]
[Round "3.3"]
[White "Breedveld, Andre"]
[Black "Bronznik, Valeri"]
[Result "0-1"]
[WhiteElo "2139"]
[BlackElo "2306"]
[PlyCount "90"]
[EventDate "2008.09.??"]
[EventType "swiss"]
[EventRounds "9"]
[Source "Ganslmayer"]
[SourceDate "2010.03.14"]

1. d4 d5 2. Bf4 Bg4 3. c3 Nc6 4. Qb3 Rb8 5. Nd2 e6 6. e3 Bd6 7. Bxd6 cxd6 8.
Ne2 Bf5 9. h4 h6 10. Nf4 Nf6 11. f3 h5 12. Be2 O-O 13. Nf1 Na5 14. Qd1 e5 15.
Nxh5 Nxh5 16. g4 Bh7 17. gxh5 Nc6 18. Bd3 Qf6 19. Bxh7+ Kxh7 20. Qc2+ Kh8 21.
Qg2 exd4 22. cxd4 Rbc8 23. Qg5 Qe6 24. Rg1 Rg8 25. Qg4 Qxg4 26. Rxg4 Nb4 27.
Rd1 Nxa2 28. Ra1 Nb4 29. Rxa7 Rc2 30. Nd2 Rxb2 31. h6 gxh6 32. Rxg8+ Kxg8 33.
Ra8+ Kg7 34. Rd8 Nc2+ 35. Ke2 Rb6 36. Nf1 Na3 37. Ng3 Kf6 38. h5 Ke7 39. Rh8
Rb2+ 40. Kd3 Nc4 41. Kc3 Rh2 42. Rxh6 Rh1 43. Kc2 Nxe3+ 44. Kd3 Nc4 45. Nf5+
Kd7 0-1

[Event "Seefeld-Casino op 19th"]
[Site "Seefeld/Tirol (5.9.-13.9)"]
[Date "2008.09.07"]
[Round "3.4"]
[White "Gatterer, Florian"]
[Black "Allgaier, Erik"]
[Result "1-0"]
[WhiteElo "2228"]
[BlackElo "2135"]
[PlyCount "101"]
[EventDate "2008.09.??"]
[EventType "swiss"]
[EventRounds "9"]
[Source "Ganslmayer"]
[SourceDate "2010.03.14"]

1. e4 c5 2. Nf3 Nc6 3. d4 cxd4 4. Nxd4 e6 5. Nc3 Qc7 6. Be2 a6 7. O-O Nf6 8. a3
b5 9. Nxc6 dxc6 10. f4 Bb7 11. Bf3 Rd8 12. Qe2 Be7 13. Kh1 O-O 14. e5 Nd5 15.
Ne4 c5 16. c4 bxc4 17. Qxc4 Qb6 18. Qc2 Bc6 19. Bd2 Rb8 20. Rab1 Qb3 21. Rfc1
Qxc2 22. Rxc2 Ba4 23. Rcc1 c4 24. Nc3 Nxc3 25. Bxc3 Bb3 26. Bd1 Rfd8 27. Bxb3
cxb3 28. Rd1 Kf8 29. Kg1 g5 30. fxg5 Bxg5 31. Kf2 Ke7 32. Kf3 Rd7 33. Rxd7+
Kxd7 34. Rd1+ Kc6 35. Rd6+ Kb5 36. Ke4 Rc8 37. a4+ Kxa4 38. Rxa6+ Kb5 39. Ra3
Kc4 40. Ra4+ Kc5 41. Rb4 Rg8 42. Rxb3 Bh6 43. g3 Rg4+ 44. Kf3 Rg5 45. g4 Rg7
46. h4 Rg6 47. Rb7 f5 48. gxf5 exf5 49. Rxh7 Kd5 50. h5 Rg8 51. Rf7 1-0

[Event "Seefeld-Casino op 19th"]
[Site "Seefeld/Tirol (5.9.-13.9)"]
[Date "2008.09.07"]
[Round "3.5"]
[White "Kesik, Klaus-Dieter"]
[Black "Nachtkamp, Herbert"]
[Result "1-0"]
[WhiteElo "2185"]
[BlackElo "1970"]
[PlyCount "32"]
[EventDate "2008.09.??"]
[EventType "swiss"]
[EventRounds "9"]
[Source "Ganslmayer"]
[SourceDate "2010.03.14"]
[WhiteTeam "Hoyerswerda SC"]
[BlackTeam "Norderstedt SK"]

1. d4 d5 2. Bg5 Nc6 3. e3 f6 4. Bh4 Nh6 5. c4 Nf5 6. cxd5 Qxd5 7. Nc3 Qd8 8. d5
Nxh4 9. Qh5+ g6 10. Qxh4 Ne5 11. Rd1 Bg7 12. Nf3 Nxf3+ 13. gxf3 O-O 14. Qc4 Kh8
15. h4 Bd7 16. h5 Be8 1-0

[Event "Seefeld-Casino op 19th"]
[Site "Seefeld/Tirol (5.9.-13.9)"]
[Date "2008.09.07"]
[Round "3.6"]
[White "Santl, Anton"]
[Black "Platzgummer, Fabian"]
[Result "0-1"]
[WhiteElo "2026"]
[BlackElo "2262"]
[PlyCount "102"]
[EventDate "2008.09.??"]
[EventType "swiss"]
[EventRounds "9"]
[Source "Ganslmayer"]
[SourceDate "2010.03.14"]

1. e4 d5 2. exd5 Nf6 3. d4 Bg4 4. Nf3 Nxd5 5. Be2 e6 6. O-O Bd6 7. c4 Nf4 8. c5
Nxe2+ 9. Qxe2 Be7 10. Qb5+ Nc6 11. Ne5 a6 12. Qa4 Qxd4 13. Qxd4 Nxd4 14. Nxg4
Nc2 15. Na3 Nxa1 16. Be3 O-O-O 17. Rxa1 Rd5 18. f4 Bxc5 19. Bxc5 Rxc5 20. Rd1
Rd8 21. Rxd8+ Kxd8 22. Kf2 b5 23. Ne3 Rc1 24. Nac2 f5 25. Ne1 c5 26. Nd3 Rb1
27. b3 Ra1 28. a4 bxa4 29. bxa4 Rxa4 30. Nxc5 Rxf4+ 31. Kg3 Rb4 32. Nxe6+ Kd7
33. Nf8+ Ke8 34. Ne6 Kf7 35. Ng5+ Kg6 36. Nh3 Rb3 37. Kf2 a5 38. Ke2 a4 39.
Nf4+ Kf6 40. Nd3 a3 41. Nc2 a2 42. Nde1 Rb1 43. Kf2 g5 44. Ke2 a1=Q 45. Nxa1
Rxa1 46. Kf2 f4 47. h3 h5 48. Ke2 Kf5 49. Kf2 Ke4 50. Ke2 Ra2+ 51. Kf1 Ke3 0-1

[Event "Seefeld-Casino op 19th"]
[Site "Seefeld/Tirol (5.9.-13.9)"]
[Date "2008.09.07"]
[Round "3.7"]
[White "Dalnodar, Bernhard"]
[Black "Herbold, Manfred"]
[Result "0-1"]
[WhiteElo "1989"]
[BlackElo "2115"]
[PlyCount "60"]
[EventDate "2008.09.??"]
[EventType "swiss"]
[EventRounds "9"]
[Source "Ganslmayer"]
[SourceDate "2010.03.14"]
[WhiteTeam "AUT/Landeck"]
[BlackTeam "Ludwigshafen Schachhaus"]
[WhiteTeamCountry "AUT"]

1. d4 Nf6 2. c4 e6 3. Nf3 Bb4+ 4. Bd2 Qe7 5. e3 b6 6. a3 Bxd2+ 7. Nbxd2 d6 8.
Bd3 Nbd7 9. O-O O-O 10. e4 e5 11. d5 Nh5 12. Re1 Nf4 13. Bf1 f5 14. g3 Ng6 15.
Bg2 f4 16. b4 a5 17. b5 h6 18. Nb3 Nf6 19. Nfd2 Ng4 20. h3 Nxf2 21. Kxf2 fxg3+
22. Kg1 Rf2 23. Rf1 Nf4 24. Rxf2 gxf2+ 25. Kh2 a4 26. Nc1 Qg5 27. Qf1 Nxg2 28.
Nf3 Ne3 29. Nxg5 Nxf1+ 30. Kg2 Nd2 0-1

[Event "Seefeld-Casino op 19th"]
[Site "Seefeld/Tirol (5.9.-13.9)"]
[Date "2008.09.07"]
[Round "3.8"]
[White "Buchaeckert, Juergen"]
[Black "Schnitzspan, Lothar"]
[Result "0-1"]
[WhiteElo "1873"]
[BlackElo "2240"]
[PlyCount "125"]
[EventDate "2008.09.??"]
[EventType "swiss"]
[EventRounds "9"]
[Source "Ganslmayer"]
[SourceDate "2010.03.14"]
[WhiteTeamCountry "AUT"]

1. e4 c5 2. c3 d6 3. d4 Nf6 4. Bd3 g6 5. dxc5 dxc5 6. e5 Ng4 7. Bb5+ Nc6 8.
Qxd8+ Kxd8 9. Bxc6 bxc6 10. Nf3 f6 11. exf6 exf6 12. h3 Nh6 13. O-O Be6 14. Bf4
g5 15. Bh2 Rg8 16. Nbd2 Ke8 17. Ne4 Kf7 18. Nd6+ Bxd6 19. Bxd6 g4 20. hxg4 Rxg4
21. Nh2 Rg5 22. Bf4 Rg6 23. Bxh6 Rxh6 24. Rfe1 Rg8 25. Re3 Bd5 26. f3 Rhg6 27.
Re2 f5 28. b3 c4 29. b4 Re6 30. Rxe6 Kxe6 31. Kf2 Kd6 32. Nf1 f4 33. Nd2 a5 34.
a3 Ra8 35. bxa5 Rxa5 36. g3 fxg3+ 37. Kxg3 Ra7 38. Kf2 Kc5 39. Ke3 Re7+ 40. Kf2
h5 41. a4 h4 42. Rh1 Rh7 43. Ne4+ Kb6 44. Ke3 Rh8 45. Kd4 h3 46. Rh2 Rh4 47.
Ke5 Rh5+ 48. Kd4 Ka5 49. Ke3 Bxe4 50. fxe4 Kxa4 51. Kd4 Kb3 52. e5 c5+ 53. Ke4
Kxc3 54. e6 Rh7 55. Ke5 Kb3 56. Kd6 c3 57. e7 Rxe7 58. Kxe7 c2 59. Rxh3+ Kb2
60. Rh2 Kb1 61. Rxc2 Kxc2 62. Kd6 c4 63. Kd5 0-1

[Event "Seefeld-Casino op 19th"]
[Site "Seefeld/Tirol (5.9.-13.9)"]
[Date "2008.09.07"]
[Round "3.9"]
[White "Strasser, Josef(64)"]
[Black "Ballon, Guenther Jan"]
[Result "1/2-1/2"]
[WhiteElo "1936"]
[BlackElo "1999"]
[PlyCount "54"]
[EventDate "2008.09.??"]
[EventType "swiss"]
[EventRounds "9"]
[Source "Ganslmayer"]
[SourceDate "2010.03.14"]
[WhiteTeam "AUT/Tulfes"]
[BlackTeam "NED(Niederlande)"]
[WhiteTeamCountry "AUT"]
[BlackTeamCountry "NED"]

1. d4 d5 2. Nf3 e6 3. c4 c6 4. cxd5 exd5 5. Nc3 Nf6 6. Bg5 Nbd7 7. e3 Be7 8.
Bd3 O-O 9. O-O Re8 10. Qc2 h6 11. Bf4 Nf8 12. h3 Bd6 13. Bxd6 Qxd6 14. a3 a5
15. Na4 N8d7 16. Rfc1 Ne4 17. Nc5 Qe7 18. b4 axb4 19. axb4 Rxa1 20. Rxa1 Nd6
21. Nxd7 Bxd7 22. Ne5 Rb8 23. Qc5 Bf5 24. Bxf5 Nxf5 25. Qxe7 Nxe7 26. Nd7 Rd8
27. Nc5 b6 1/2-1/2

[Event "Seefeld-Casino op 19th"]
[Site "Seefeld/Tirol (5.9.-13.9)"]
[Date "2008.09.07"]
[Round "3.10"]
[White "Knechtel, Roland"]
[Black "Vrban, Damir"]
[Result "1/2-1/2"]
[WhiteElo "2169"]
[BlackElo "2207"]
[PlyCount "76"]
[EventDate "2008.09.??"]
[EventType "swiss"]
[EventRounds "9"]
[Source "Ganslmayer"]
[SourceDate "2010.03.14"]
[WhiteTeamCountry "AUT"]
[BlackTeamCountry "NED"]

1. Nf3 g6 2. d4 Bg7 3. c4 c5 4. e3 Nf6 5. Nc3 O-O 6. Be2 d5 7. dxc5 Qa5 8. Bd2
dxc4 9. Bxc4 Qxc5 10. Bb3 Nc6 11. O-O Bf5 12. Qe2 Ne4 13. Nxe4 Bxe4 14. Rfc1
Qh5 15. Bc3 Bxf3 16. Qxf3 Qxf3 17. gxf3 Rac8 18. Bxg7 Kxg7 19. Kf1 Rfd8 20. Ke2
e6 21. Rd1 Kf6 22. Rac1 Rxd1 23. Bxd1 Nd4+ 24. Kd2 Rxc1 25. Kxc1 Nc6 26. Kd2
Ke5 27. Kc3 Kd5 28. b4 Kd6 29. f4 Nb8 30. Bf3 Kc7 31. Kd4 Nd7 32. a3 Kb6 33. h3
Kc7 34. Be4 Kb6 35. Bc2 Kc6 36. a4 Kd6 37. Be4 Kc7 38. Bf3 Kb6 1/2-1/2

[Event "Seefeld-Casino op 19th"]
[Site "Seefeld/Tirol (5.9.-13.9)"]
[Date "2008.09.07"]
[Round "3.11"]
[White "Quinn, John M."]
[Black "Jolowicz, Matias Dr"]
[Result "1/2-1/2"]
[WhiteElo "2150"]
[BlackElo "2027"]
[PlyCount "57"]
[EventDate "2008.09.??"]
[EventType "swiss"]
[EventRounds "9"]
[Source "Ganslmayer"]
[SourceDate "2010.03.14"]
[WhiteTeamCountry "AUT"]
[BlackTeamCountry "NED"]

1. d4 g6 2. e4 Bg7 3. Nf3 d6 4. c4 Bg4 5. Be2 Nc6 6. Be3 e5 7. d5 Bxf3 8. Bxf3
Nd4 9. Nc3 c5 10. dxc6 bxc6 11. Qa4 Kf8 12. Bd1 Ne7 13. O-O h5 14. c5 d5 15. f4
Ne6 16. f5 gxf5 17. exf5 Nxf5 18. Rxf5 d4 19. Qxc6 Qe8 20. Qd6+ Kg8 21. Nd5
dxe3 22. Bb3 Rh6 23. Nc7 Nxc7 24. Qxc7 Rf6 25. Rxe5 Qb5 26. Rxe3 Rf8 27. Rae1
Rf5 28. Qd6 Rxc5 29. Rf3 1/2-1/2

[Event "Seefeld-Casino op 19th"]
[Site "Seefeld/Tirol (5.9.-13.9)"]
[Date "2008.09.07"]
[Round "3.12"]
[White "Goy, Udo"]
[Black "Schumacher, Helmut(31)"]
[Result "1-0"]
[WhiteElo "2143"]
[BlackElo "1972"]
[PlyCount "101"]
[EventDate "2008.09.??"]
[EventType "swiss"]
[EventRounds "9"]
[Source "Ganslmayer"]
[SourceDate "2010.03.14"]
[WhiteTeamCountry "AUT"]
[BlackTeamCountry "NED"]

1. d4 d5 2. c4 e6 3. Nc3 c6 4. Nf3 Nf6 5. e3 Nbd7 6. Bd3 dxc4 7. Bxc4 b5 8. Bd3
a6 9. e4 c5 10. e5 cxd4 11. Nxb5 Ng4 12. Nd6+ Bxd6 13. exd6 Qa5+ 14. Bd2 Qb6
15. O-O Qxd6 16. h3 Ngf6 17. Qa4 Bb7 18. Qxd4 Qxd4 19. Nxd4 O-O 20. Rfc1 Rfc8
21. Nb3 Ne5 22. Bf1 Bc6 23. Nd4 Bb7 24. b4 Ne4 25. Bf4 Nd7 26. Be3 e5 27. Nb3
Nc3 28. Nc5 Nxc5 29. Bxc5 Na4 30. Bd6 e4 31. a3 Bc6 32. Rc2 Bb5 33. Rac1 Rxc2
34. Rxc2 f5 35. Bc4+ Bxc4 36. Rxc4 Ra7 37. Be5 Kf7 38. Rc6 Re7 39. Rxa6 Rxe5
40. Rxa4 f4 41. Ra5 Re7 42. Rf5+ Kg8 43. Rxf4 Ra7 44. Rxe4 Rxa3 45. Rf4 Rb3 46.
Kf1 h5 47. h4 Kh7 48. Ke2 Kh6 49. Kd2 g5 50. hxg5+ Kxg5 51. g3 1-0

[Event "Seefeld-Casino op 19th"]
[Site "Seefeld/Tirol (5.9.-13.9)"]
[Date "2008.09.07"]
[Round "3.13"]
[White "Thoeny, Hermann"]
[Black "Schulze, Joachim"]
[Result "1/2-1/2"]
[WhiteElo "1920"]
[BlackElo "1981"]
[PlyCount "109"]
[EventDate "2008.09.??"]
[EventType "swiss"]
[EventRounds "9"]
[Source "Ganslmayer"]
[SourceDate "2010.03.14"]
[WhiteTeamCountry "AUT"]
[BlackTeamCountry "NED"]

1. d4 Nf6 2. Nf3 g6 3. c4 Bg7 4. Nc3 O-O 5. Bf4 d6 6. h3 c6 7. e3 Qa5 8. Nd2
Be6 9. a3 a6 10. b4 Qd8 11. Rc1 d5 12. c5 Nbd7 13. Be2 Ne8 14. Nb3 f6 15. Na5
Qc8 16. O-O Bf7 17. Bf3 e5 18. dxe5 fxe5 19. Bg5 Be6 20. Bg4 Bf5 21. e4 Bxg4
22. Qxg4 d4 23. Na4 Ndf6 24. Qxc8 Rxc8 25. f3 Rc7 26. Nb6 Nh5 27. Kh2 Nf4 28.
Bxf4 Rxf4 29. Nbc4 Rd7 30. Rcd1 Rf8 31. Rd3 Kf7 32. g3 Ke6 33. Kg2 Bh6 34. Rfd1
Rdf7 35. Rf1 Rd7 36. Nb6 Rc7 37. Nb3 g5 38. Rb1 Rcf7 39. Na5 Bg7 40. Nac4 h5
41. Nc8 Bf6 42. N8d6 Nxd6 43. Nxd6 Rd7 44. g4 Rxd6 45. cxd6 h4 46. a4 Ra8 47.
Kf1 Kxd6 48. Ke2 Bd8 49. Rdb3 Bc7 50. Kd3 Rd8 51. Rc1 Bb6 52. Rb2 Rf8 53. Rf1
Ra8 54. Kc4 Bd8 55. Rg1 1/2-1/2

[Event "Seefeld-Casino op 19th"]
[Site "Seefeld/Tirol (5.9.-13.9)"]
[Date "2008.09.07"]
[Round "3.14"]
[White "Bretscher, Robert"]
[Black "Fahnenschmidt, Gerhard Dr"]
[Result "0-1"]
[WhiteElo "1546"]
[BlackElo "1883"]
[PlyCount "54"]
[EventDate "2008.09.??"]
[EventType "swiss"]
[EventRounds "9"]
[Source "Ganslmayer"]
[SourceDate "2010.03.14"]
[WhiteTeamCountry "AUT"]
[BlackTeamCountry "NED"]

1. e4 c5 2. Nf3 d6 3. d4 cxd4 4. Nxd4 Nf6 5. Nc3 a6 6. Be2 e5 7. Nb3 Be6 8. O-O
Nc6 9. Kh1 d5 10. exd5 Nxd5 11. Ne4 Be7 12. Bg4 f5 13. Nec5 Bc8 14. Be2 b6 15.
Bc4 Ndb4 16. Nd3 b5 17. Nxb4 Qxd1 18. Rxd1 Nxb4 19. Bd5 Ra7 20. c3 Nxd5 21.
Rxd5 Rd7 22. Rxd7 Kxd7 23. Be3 Kc6 24. Kg1 f4 25. Ba7 Be6 26. Na5+ Kc7 27. Bc5
Bxc5 0-1

[Event "Seefeld-Casino op 19th"]
[Site "Seefeld/Tirol (5.9.-13.9)"]
[Date "2008.09.07"]
[Round "3.15"]
[White "Schnegg, Daniel"]
[Black "Grosse, Manfred"]
[Result "1-0"]
[WhiteElo "1985"]
[BlackElo "1837"]
[PlyCount "47"]
[EventDate "2008.09.??"]
[EventType "swiss"]
[EventRounds "9"]
[Source "Ganslmayer"]
[SourceDate "2010.03.14"]
[WhiteTeamCountry "AUT"]
[BlackTeamCountry "NED"]

1. e4 c5 2. Nf3 g6 3. d4 cxd4 4. Nxd4 Bg7 5. Nc3 d6 6. Be3 Nf6 7. f3 O-O 8. Qd2
Nc6 9. O-O-O Re8 10. Kb1 Nxd4 11. Bxd4 Bd7 12. g4 Bc6 13. h4 h5 14. Bxf6 Bxf6
15. gxh5 Qa5 16. hxg6 fxg6 17. Bc4+ Kg7 18. h5 Rh8 19. hxg6 Bxc3 20. bxc3 Qc5
21. Bb3 a5 22. Rh7+ Rxh7 23. gxh7 Qh5 24. Rg1+ 1-0

[Event "Seefeld-Casino op 19th"]
[Site "Seefeld/Tirol (5.9.-13.9)"]
[Date "2008.09.07"]
[Round "3.16"]
[White "Kaye, Ferdinand"]
[Black "Platzgummer, Peter"]
[Result "1-0"]
[WhiteElo "2042"]
[BlackElo "1960"]
[PlyCount "83"]
[EventDate "2008.09.??"]
[EventType "swiss"]
[EventRounds "9"]
[Source "Ganslmayer"]
[SourceDate "2010.03.14"]
[WhiteTeamCountry "AUT"]
[BlackTeamCountry "NED"]

1. Nf3 Nf6 2. c4 c5 3. Nc3 e6 4. g3 b6 5. Bg2 Bb7 6. O-O Be7 7. Re1 O-O 8. e4
d6 9. d4 cxd4 10. Nxd4 a6 11. e5 dxe5 12. Bxb7 Ra7 13. Nxe6 Qxd1 14. Rxd1 fxe6
15. Bg2 Nbd7 16. h3 Rc7 17. Bf1 Nc5 18. Be3 e4 19. Rab1 Nfd7 20. b4 Nd3 21. a3
Rxc4 22. Nxe4 N7e5 23. Bxd3 Nxd3 24. Rxd3 Rxe4 25. Bxb6 Rc8 26. Rbd1 Bf6 27.
Be3 Rec4 28. Rd6 R8c6 29. Kg2 Bb2 30. Rxc6 Rxc6 31. Rd3 Kf7 32. Rb3 Bf6 33. a4
Rc3 34. Rxc3 Bxc3 35. b5 axb5 36. axb5 Ke7 37. Kf3 Kd6 38. Ke4 h6 39. g4 Bf6
40. Bd4 e5 41. Be3 Kc7 42. Kf5 1-0

[Event "Seefeld-Casino op 19th"]
[Site "Seefeld/Tirol (5.9.-13.9)"]
[Date "2008.09.07"]
[Round "3.17"]
[White "Lundberg, Roland"]
[Black "Gatterer, Matthias"]
[Result "1/2-1/2"]
[WhiteElo "2045"]
[BlackElo "2081"]
[PlyCount "110"]
[EventDate "2008.09.??"]
[EventType "swiss"]
[EventRounds "9"]
[Source "Ganslmayer"]
[SourceDate "2010.03.14"]
[WhiteTeamCountry "AUT"]
[BlackTeamCountry "NED"]

1. c4 e6 2. Nc3 d5 3. d4 Nf6 4. Bg5 Nbd7 5. e3 Be7 6. Nf3 O-O 7. Qc2 c5 8. dxc5
dxc4 9. Bxc4 Bxc5 10. Bd3 h6 11. h4 Qa5 12. Kf1 a6 13. Bxf6 Nxf6 14. h5 Bb4 15.
Ne4 Nxe4 16. Bxe4 Bd7 17. Nd4 Rac8 18. Qd1 Rc7 19. g3 Rd8 20. Kg2 Be7 21. Rc1
Bc8 22. Rxc7 Qxc7 23. Qc1 Qe5 24. Qc2 Bf6 25. Rc1 Qd6 26. Qc7 Qxc7 27. Rxc7 Be5
28. Rc2 Kf8 29. f4 Bd6 30. Nb3 b6 31. Kf3 Bd7 32. Nd4 Rc8 33. Bb7 Rxc2 34. Nxc2
a5 35. Nd4 e5 36. Nc6 exf4 37. exf4 Be6 38. a3 Bd5+ 39. Ke2 Be6 40. Kf3 Bd5+
41. Ke2 Bc4+ 42. Kd2 f6 43. Nd4 Bf7 44. Bf3 Bc5 45. Kc3 Bxd4+ 46. Kxd4 Ke7 47.
f5 Kd6 48. g4 Bb3 49. Be2 Bd5 50. Bd1 Bg2 51. Be2 Kc6 52. b4 axb4 53. axb4 Bh1
54. Bd1 Kb5 55. Kc3 Kc6 1/2-1/2

[Event "Seefeld-Casino op 19th"]
[Site "Seefeld/Tirol (5.9.-13.9)"]
[Date "2008.09.07"]
[Round "3.18"]
[White "Gerhards, Walter"]
[Black "Meertens, Martin"]
[Result "0-1"]
[WhiteElo "1849"]
[BlackElo "2059"]
[PlyCount "132"]
[EventDate "2008.09.??"]
[EventType "swiss"]
[EventRounds "9"]
[Source "Ganslmayer"]
[SourceDate "2010.03.14"]
[WhiteTeamCountry "AUT"]
[BlackTeamCountry "NED"]

1. e4 c5 2. Nf3 d6 3. d4 cxd4 4. Nxd4 Nf6 5. Nc3 a6 6. Bg5 e6 7. Be2 Be7 8. Qd2
Qc7 9. O-O b5 10. a3 Bb7 11. Bf3 Nbd7 12. Rae1 Rc8 13. Bd1 Ne5 14. Qc1 Nc4 15.
Kh1 Nxb2 16. Ncxb5 axb5 17. Qxb2 O-O 18. f3 Ba6 19. Be2 d5 20. exd5 Nxd5 21.
Bxe7 Qxe7 22. Bxb5 Bxb5 23. Nxb5 Qc5 24. c3 h5 25. Rc1 h4 26. h3 Ne3 27. Rfe1
Nf5 28. Qb4 Qf2 29. Qf4 Ng3+ 30. Kh2 Ne2 31. Rxe2 Qxe2 32. Nd6 Ra8 33. a4 Ra5
34. Rb1 Qa6 35. Ne4 Rxa4 36. Qxh4 f5 37. Qe7 fxe4 38. Rb7 Qxb7 39. Qxb7 exf3
40. gxf3 Rf6 41. Qc8+ Kh7 42. Kg3 Ra2 43. c4 e5 44. h4 Rg6+ 45. Kh3 Rf6 46. Qg4
Re2 47. c5 Re3 48. Qh5+ Kg8 49. Kg2 Re2+ 50. Kg1 Rc2 51. Qxe5 Rxf3 52. Qd5+ Rf7
53. c6 g6 54. Qe4 Rc1+ 55. Kh2 Kg7 56. Qd4+ Kh7 57. Qd6 Rc2+ 58. Kg1 Ra7 59.
Qf6 Rc1+ 60. Kg2 Rc2+ 61. Kg1 Rc7 62. h5 Rg7 63. h6 Rc7 64. Qf4 R2xc6 65. Kg2
Rc2+ 66. Kg1 Rb7 0-1